Normal view
MARC view
- الأدب العربي - قصص - روايات - تحليل ونقد
Entry Topical Term
001 - CONTROL NUMBER
- control field: 40224
003 - CONTROL NUMBER IDENTIFIER
- control field: JO-AjAnu
005 - DATE AND TIME OF LATEST TRANSACTION
- control field: 20230606080701.0
008 - FIXED-LENGTH DATA ELEMENTS
- fixed length control field: 230606|| aca||aabn | a|a d
040 ## - CATALOGING SOURCE
- Original cataloging agency: JO-AjAnu
- Transcribing agency: JO-AjAnu
150 ## - HEADING--TOPICAL TERM
- Topical term or geographic name entry element: الأدب العربي - قصص - روايات - تحليل ونقد
670 ## - SOURCE DATA FOUND
- Source citation: Work cat.: (JO-AjAnu)20619: تحرير خلف،أحمد ؛ عائد خصباك, author 40223, دراسات في القصة القصيرة والروايات 1980-1985